000
00308nam a22001337a 4500
020
_a
0 333 22095 1
082
_a
968.06JOH
100
_a
Johnson, r. w
245
_a
How long will South Africa survive?Lon
260
_a
London
_c
1977
300
_a
v, 327p.
_b
ill., 21cm
650
_a
The crisis
942
_c
BK
999
_c
18798
_d
18798